000
00325nam a2200133Ia 4500
005
20251222144835.0
008
251222s9999||||xx |||||||||||||| ||spa||
082
_a
700/S15
100
_a
Sagástegui, Oswaldo
245
0
_a
Sagástegui, Oswaldo
250
_a
1ra. ed.
264
_b
Galeria de Arte Camino Brent
942
_c
LIB
999
_c
20994
_d
20994